Top 15 des personnes les plus riches du monde - Statistiques

Statistiques générales
  • Ce quiz a été pris 587 fois
  • Le résultat moyen est 3 sur 15
Statistiques - réponses
Hint Réponse % Correct
180,000,000,000 Elon Musk
96%
114,000,000,000 Jeff Bezos
60%
184,000,000,000 Bernard Arnault
54%
104,000,000,000 Bill Gates
52%
79,200,000,000 Larry Page
9%
106,000,000,000 Warren Buffett
8%
107,000,000,000 Larry Ellison
7%
77,300,000,000 Amancio Ortega
5%
80,700,000,000 Steve Ballmer
5%
83,400,000,000 Mukesh Ambani
4%
76,000,000,000 Sergey Brin
4%
93,000,000,000 Carlos Slim Hélu
3%
80,500,000,000 Françoise Bettencourt Meyers
2%
94,500,000,000 Michael Bloomberg
2%
68,000,000,000 Zhong Shanshan
0%
Aucun quiz correspondant
Distribution des résultats
% des personnes avec chaque résultat
Percentile par nombre de réponses
Votre historique - résultats
Vous n’avez pas pris ce quiz